01077cam a22002775a 4500001001000000003000400010005001700014008004100031020001800072040004400090082001700134245014100151260006700292300003600359490003600395504004100431650003700472651001000509653002600519700003200545700003000577776003500607942000800642999001700650952013200667017587725OSt20160419142739.0151012s2016 enka frb 000 0 eng d z9781138938847 aStDuBDSbengcStDuBDSdUkdEG-ScBUEepn04222a378bRES00aResearching higher education :binternational perspectives on theory, policy and practice /cedited by Jennifer M. Case, Jeroen Huisman. aOxon ;aNew York ;bRoutledge / Taylor & Francis Group,c2016. axviii, 260 p. :bill. ;c23 cm.0 aResearch into higher education. aIncludes bibliographical references. 7aEducation, Higher.2BUEsh939864 2BUEsh bNNURbGGENcApril20161 aCase, Jennifer M.,eeditor.1 aHuisman, Jeroen,eeditor.08iPrint version :z9781138938830 2ddc c21659d21631 00102ddc40708AlahramaMAINbMAINc1STd2016-04-19ePurchaseg343.00l0o378 RESp000032384r2025-07-15 00:00:00v428.75yBB